000 00624nam a2200229Ia 4500
001 3119
003 GE_BSU
008 181216s||||||||xx |||||||||||||| ||und||
040 _cGE_BSU
080 _a530.1(075.8)
100 _aСивухин,Д.В.
245 _aОбщий курс физики. Механика.
245 _bУчебник.
245 _cРед Л.А.Русакова, Б.А.Митров.
250 _aИзд второе, испр.
260 _aМ.
260 _bНаука.
260 _c1979.
300 _a520 стр. 22 см.
653 _aОбщий курс физики.
942 _cBK
999 _c37163
_d37163